000 00703nam a22002177a 4500
003 OSt
005 20150408114136.0
008 010813c2011 ii a f 001 0 eng d
020 _a9788123920092
040 _aMa-Un
082 0 0 _222
_a343.5409944
_bJSE
100 1 _936274
_aJayan, Shanmugham D.
245 1 0 _aelectronic signature :
_blegal and technical perspectives /
_cShanmugham D. Jayan.
250 _a1st. ed.
260 _aNew Delhi :
_bCBS,
_c2011.
300 _a78 p. :
_bill. ;
_c24 cm.
500 _aincludes index and appendix
650 0 _aElectronic commerce
_934371
_xLaw and legislation
_zIndia
650 0 _aElectronic commerce
_xSecurity measures
_zIndia
_936394
942 _2ddc
_cBOOK
999 _c30293
_d264793